[Event "NED-ch U11 Girls"]
[Site "Waalwijk"]
[Date "2011.04.23"]
[Round "9"]
[White "Van Soest, Ivraina"]
[Black "Van Harten, Eva"]
[Result "0-1"]
[WhiteElo "410"]
[BlackElo "694"]
[PlyCount "144"]
[EventDate "2011.04.22"]
[EventType "swiss"]
[EventRounds "9"]
[EventCountry "NED"]
[SourceTitle "EXT 2012"]
[Source "ChessBase"]
[SourceDate "2011.11.24"]
[SourceVersion "1"]
[SourceVersionDate "2011.11.24"]
[SourceQuality "1"]

1. e4 e5 2. Bc4 Nc6 3. Nf3 d6 4. d3 Bd7 5. Bg5 Be7 6. 0-0 Bxg5 7. Nxg5 Qxg5 8. Qf3 Nf6 9. Nc3 0-0 10. Ne2 Bg4 11. Qg3 h6 12. f3 Be6 13. Qf2 Bxc4 14. dxc4 Rfe8 15. f4 exf4 16. Nxf4 Rxe4 17. Nh3 Qg6 18. Rae1 Rxe1 19. Rxe1 Ne4 20. Qf3 Ng5 21. Nxg5 Qxg5 22. Qb3 Qc5+ 23. Kf1 b6 24. Qf3 Qxc4+ 25. Kg1 Ne5 26. Qxa8+ Kh7 27. b3 Qxc2 28. Qe4+ Qxe4 29. Rxe4 f5 30. Rf4 g6 31. h4 g5 32. g3 gxf4 33. gxf4 Ng4 34. Kg2 Kg6 35. Kg3 Kf6 36. h5 Ke6 37. Kh4 Kf6 38. Kg3 a5 39. Kf3 b5 40. Ke2 Ke6 41. Kd3 Kd5 42. Kc3 Kc5 43. Kb2 a4 44. a3 axb3 45. Kxb3 Kb6 46. Kb4 Nf6 47. a4 bxa4 48. Kxa4 Nxh5 49. Kb4 Kc6 50. Kc4 Kd7 51. Kd4 Ke7 52. Ke3 Kf6 53. Kf3 Nxf4 54. Kxf4 h5 55. Kg3 Kg5 56. Kg2 Kg4 57. Kf2 Kf4 58. Kg2 h4 59. Kh3 Kg5 60. Kg2 f4 61. Kf3 h3 62. Kf2 Kg4 63. Kg1 f3 64. Kf2 h2 65. Ke1 h1Q+ 66. Kd2 f2 67. Kc3 f1R 68. Kd4 Qc6 69. Kd3 Rf3+ 70. Ke2 Qc2+ 71. Ke1 Ra3 72. Kf1 Ra1# 0-1

[Event "NED-ch U11 Girls"]
[Site "Waalwijk"]
[Date "2011.04.22"]
[Round "5"]
[White "Van Soest, Ivraina"]
[Black "Van der Zee, Sofie"]
[Result "1-0"]
[WhiteElo "410"]
[BlackElo "847"]
[PlyCount "71"]
[EventDate "2011.04.22"]
[EventType "swiss"]
[EventRounds "9"]
[EventCountry "NED"]
[SourceTitle "EXT 2012"]
[Source "ChessBase"]
[SourceDate "2011.11.24"]
[SourceVersion "1"]
[SourceVersionDate "2011.11.24"]
[SourceQuality "1"]

1. e4 e5 2. Nf3 Nc6 3. Bc4 Nf6 4. Nc3 Bc5 5. 0-0 0-0 6. d3 d6 7. Bg5 Bg4 8. h3 Bxf3 9. Qxf3 Nd4 10. Qd1 c6 11. Ne2 Nxe2+ 12. Qxe2 d5 13. Qd2 dxc4 14. b3 cxd3 15. cxd3 Qxd3 16. Qxd3 Rad8 17. Qc3 Bd4 18. Qc1 Bxa1 19. Qxa1 Rd7 20. f4 Nxe4 21. Bh4 exf4 22. Rxf4 Re7 23. Bxe7 Re8 24. Rxe4 f5 25. Re5 g5 26. Bd6 Rd8 27. Be7 Rd7 28. Re6 g4 29. hxg4 fxg4 30. Bb4 Rd5 31. Qf6 Rd8 32. Be7 Re8 33. Bc5 Rd8 34. Qxd8+ Kg7 35. Qd7+ Kg8 36. Re8# 1-0